000
00265nam a22001217a 4500
003
NUST - PNEC
005
20170116180802.0
008
150416b xxu||||| |||| 00| 0 eng d
040
_c
LIBRARY
100
_9
1384
_a
Gregory
245
_a
Metallurgy
942
_2
ddc
_c
BK
999
_c
63023
_d
63023